| 000 | 00937nac a22002531u 4500 | ||
|---|---|---|---|
| 010 | _a 97014096 | ||
| 020 | _a0471178071 : | ||
| 082 | 0 | 0 |
_a658.403 _bBAZ |
| 090 |
_c9272 _d9272 |
||
| 100 | _aBazerman, Max H. | ||
| 245 | 1 | 0 |
_aJudgment in managerial decision making / _cMax Bazerman. |
| 250 | _a4th ed. | ||
| 260 |
_aNew York : _bJohn Wiley & Sons,1998. _cc1998. |
||
| 300 |
_aviii, 200 p. : _bill. ; _c24 cm. |
||
| 500 | _aDistributer: Al-Ahram | ||
| 504 | _aIncludes bibliographical references (p. 180-191) and index. | ||
| 511 | _aCatalogued by: Sara | ||
| 650 | 0 | _aDecision making. | |
| 650 | 0 | _aManagement. | |
| 856 | 4 |
_3Table of Contents _uhttp://www.loc.gov/catdir/toc/onix01/97014096.html |
|
| 856 | 4 |
_3Publisher description _uhttp://www.loc.gov/catdir/enhancements/fy0706/97014096-d.html |
|
| 942 |
_cBB _k658.403BAZ |
||
| 999 |
_c9272 _d9272 |
||